header

Subordination in native South American languages (Record no. 240890)

MARC details
000 -LEADER
fixed length control field 01570nam a2200385 a 4500
082 04 - DEWEY DECIMAL CLASSIFICATION NUMBER
Classification number 498
245 00 - TITLE STATEMENT
Title Subordination in native South American languages
260 ## - PUBLICATION, DISTRIBUTION, ETC. (IMPRINT)
Place of publication Amsterdam [Netherlands] ;
-- Philadelphia [Pa.] :
Name of publisher John Benjamins Pub. Co.,
Year of publication 2011.
300 ## - PHYSICAL DESCRIPTION
Number of Pages viii, 315 p. :
Other physical details ill., maps.
490 1# - SERIES STATEMENT
Series statement Typological studies in language,
650 #0 - SUBJECT ADDED ENTRY--TOPICAL TERM
Topical Term Language and languages
Topical Term Indians of South America
700 1# - ADDED ENTRY--PERSONAL NAME
Personal name Gijn, Rik van.
Personal name Haude, Katharina.
Personal name Muysken, Pieter.
856 40 - ELECTRONIC LOCATION AND ACCESS
Uniform Resource Identifier http://site.ebrary.com/lib/rucke/Doc?id=10463013

No items available.

© 2026 Rongo University
Contact us: librarian | system librarian | Rongo university